000 004510000a22001810004500
003 MACL
005 20150909155009.0
008 150909b xxu||||| |||| 00| 0 eng d
040 _aMACL
_cMACL
041 _aEnglish
082 _a821/SAL
100 _aSalam shah Adbus
_99657
245 _aUrdu Poetry
_bAn Anthology Upto 19th Century
260 _bB R Paperback
_c2002
_aNew Delhi
350 _a400
650 _apoetry
_99658
942 _cBK
_k821
_2ddc
999 _c2247
_d2247